| Поле | Название | Значение |
| |
Тип записи |
a |
| |
Библиографический уровень |
m |
| 001 |
Контрольный номер |
RU/SLIB/B/208702744 |
| 005 |
Дата корректировки |
20231026090752.6 |
| 010 |
Индекс ISBN |
__ |
| d |
Цена |
0-35; 0-25 |
| 9 |
Тираж |
3000 экз. |
| 100 |
Данные общей обработки |
__ |
| a |
Данные общей обработки |
20211001d1997 m y0rusy028902 ca |
| 101 |
Язык документа |
0_ |
| a |
Язык текста |
rus |
| 102 |
Страна публикации |
__ |
| a |
Страна публикации |
RU |
| 105 |
Кодированные данные (монография) |
__ |
| a |
Кодированные данные (монография) |
a z 000yy |
| 181 |
Поле кодированных данных: вид содержания |
_0 |
| a |
Код вида содержания (ISBD) |
i |
| 182 |
Поле кодированных данных: тип средства |
_0 |
| a |
Код типа средства (ISBD) |
n |
| 200 |
Заглавие и сведения об ответственности |
0_ |
| a |
Заглавие |
Летопись открытия |
| e |
Сведения, относящиеся к заглавию |
документы, дневники, воспоминания, письма |
| f |
Первые сведения об ответственности |
редактор Б. А. Калмантаев |
| g |
Последующие сведения об ответственности |
составители: М. М. Никифорова [и др.] |
| 203 |
Вид содержания и тип средства |
__ |
| a |
Вид содержания |
Текст |
| c |
Тип средства |
непосредственный |
| 210 |
Выходные данные |
1_ |
| a |
Место издания |
Свердловск |
| c |
Издательство |
Средне-Уральское книжное издательство |
| d |
Дата издания |
1997; 1979 |
| 215 |
Физическое описание |
__ |
| a |
Объем |
171 с., [8] л. ил. |
| c |
Иллюстрации/тип воспроизводства |
ил., фот. |
| d |
Формат |
18 см |
| 225 |
Серия |
2_ |
| a |
Серия |
Энергия века |
| h |
Номер части |
Вып. 1 |
| v |
Обозначение тома |
Кн. 1 |
| e |
Сведения, относящиеся к заглавию серии |
всероссийская серия |
| 300 |
Общие примечания |
__ |
| a |
Общие примечания |
Книга с автографом И. П. Захарова (1 экз.) |
| 300 |
Общие примечания |
__ |
| a |
Общие примечания |
Библиотека краеведа. И. П. Захаров (1 экз.) |
| 330 |
Аннотация |
__ |
| a |
Аннотация |
В книге собраны официальные документы, рассказывающие о создании нефтедобывающего комплекса в Тюменской области, дневники, воспоминания, письма тех, кто трудился в этом крае. |
| 606 |
Тематические рубрики |
__ |
| a |
Основная рубрика |
Экономика |
| y |
Географическая подрубрика |
Россия |
| y |
Географическая подрубрика |
Тюменская область |
| 2 |
Код системы |
nlr_sh |
| 606 |
Тематические рубрики |
__ |
| a |
Основная рубрика |
Экономика топливной промышленности |
| 2 |
Код системы |
nlr_sh |
| 610 |
Ключевые слова |
0_ |
| a |
Ключевые слова |
нефтегазодобывающий комплекс |
| 610 |
Ключевые слова |
0_ |
| a |
Ключевые слова |
нефть |
| 610 |
Ключевые слова |
0_ |
| a |
Ключевые слова |
газ |
| 610 |
Ключевые слова |
0_ |
| a |
Ключевые слова |
воспоминания |
| 610 |
Ключевые слова |
0_ |
| a |
Ключевые слова |
краеведение |
| 610 |
Ключевые слова |
0_ |
| a |
Ключевые слова |
нефтедобывающая промышленность |
| 686 |
Индексы других классификаций |
__ |
| 2 |
Код системы |
rubbks |
| a |
Классификационный индекс |
К65.305.143(2Рос-4Тюм); стК65.3(2Рос-4Тюм) |
| 702 |
Вторичная интеллектуальная ответственность |
_1 |
| a |
Фамилия |
Никифорова |
| b |
Имя |
М. М. |
| 4 |
Код отношения |
220 |
| 702 |
Вторичная интеллектуальная ответственность |
_1 |
| a |
Фамилия |
Радченко |
| b |
Имя |
Н. Д. |
| 4 |
Код отношения |
220 |
| 702 |
Вторичная интеллектуальная ответственность |
_1 |
| a |
Фамилия |
Клепиков |
| b |
Имя |
В. Н. |
| 4 |
Код отношения |
220 |
| 702 |
Вторичная интеллектуальная ответственность |
_1 |
| a |
Фамилия |
Калмантаев |
| b |
Имя |
Б. А. |
| 4 |
Код отношения |
340 |
| 4 |
Код отношения |
220 |
| 702 |
Вторичная интеллектуальная ответственность |
_1 |
| a |
Фамилия |
Захаров |
| b |
Имя |
И. П. |
| f |
Даты |
1929-2004 |
| g |
Полное личное имя |
Иван Прокопьевич |
| 4 |
Код отношения |
450 |
| 801 |
Источник записи |
_0 |
| a |
Страна |
RU |
| b |
Организация |
Муниципальное бюджетное учреждение культуры "Централизованная библиотечная система" г. Сургут (Центральная городская библиотека им. А. С. Пушкина) |
| g |
Правила каталогизации |
PSBO |
| c |
Дата составления |
19980316 |
| 801 |
Источник записи |
_1 |
| a |
Страна |
RU |
| b |
Организация |
Муниципальное бюджетное учреждение культуры "Централизованная библиотечная система" г. Сургут (Центральная городская библиотека им. А. С. Пушкина) |
| g |
Правила каталогизации |
PSBO |
| c |
Дата составления |
19920316 |
| 852 |
Данные о местонахождении |
__ |
| j |
Шифр хранения |
К65.305.143(2Рос-4Тюм) |
| c |
Каталожный индекс |
К65.304.13(2Рос-4Тюм) |
| i |
Авторский знак |
Л 52 |
| p |
Инвентарный номер |
67513; 570 |
| 901 |
Тип документа |
__ |
| t |
Тип документа |
m |
| a |
Ответственный |
ОБ/Гудкова |
| 903 |
Характеристики (МАРС) |
__ |
| a |
Дата передачи |
19980316 |
| c |
Наименование библиотеки (МАРС) |
Муниципальное бюджетное учреждение культуры "Централизованная библиотечная система" г. Сургут (Центральная городская библиотека им. А. С. Пушкина) |
| 990 |
Данные о заказе (DOS) |
__ |
| j |
Количество экземпляров (DOS) |
2 |